Trh s pivom hľadá útočisko v inováciách
Obľuba piva u spotrebiteľov medziročne rástla. Domáce a zahraničné pivá. Zákazníci vítajú novinky. Na sklo útočí plast. Nezávislé pivovary bojujú.
Uložené v:
| Hlavný autor: | |
|---|---|
| Médium: | Kapitola |
| Jazyk: | Slovak |
| Predmet: | |
| Tagy: |
Žiadne tagy, Buďte prvý, kto otaguje tento záznam!
|
MARC
| LEADER | 00000naa a2200000 4500 | ||
|---|---|---|---|
| 001 | 0186714 | ||
| 005 | 20231011070036.2 | ||
| 041 | 0 | |a slo | |
| 044 | |a SK | ||
| 245 | 1 | 0 | |a Trh s pivom hľadá útočisko v inováciách |c Veronika Mišíková |
| 520 | |a Obľuba piva u spotrebiteľov medziročne rástla. Domáce a zahraničné pivá. Zákazníci vítajú novinky. Na sklo útočí plast. Nezávislé pivovary bojujú. | ||
| 610 | 2 | 0 | |a pivo |
| 610 | 2 | 0 | |a pivovary |
| 610 | 2 | 0 | |a inovácia výrobkov |
| 610 | 2 | 0 | |a Slovensko |
| 610 | 2 | 0 | |a Česko |
| 100 | 1 | |a Mišíková, Veronika | |